La cultura griega en el siglo V, y la época de Pericles / (Record no. 32899)

MARC details
000 -LEADER
campo de control de longitud fija 00644nam a2200193 i 4500
001 - NÚMERO DE CONTROL
campo de control 32899
003 - IDENTIFICADOR DE NÚMERO DE CONTROL
campo de control ES-MaACL
005 - FECHA Y HORA DE LA ÚLTIMA TRANSACCIÓN
campo de control 20230906154647.0
007 - CAMPO FIJO DE DESCRIPCIÓN FÍSICA--INFORMACIÓN GENERAL
campo de control de longitud fija t|
008 - DATOS DE LONGITUD FIJA--INFORMACIÓN GENERAL
campo de control de longitud fija 030131s1910 sp ||||1| spa d
100 1# - ENTRADA PRINCIPAL--NOMBRE DE PERSONA
Nombre de persona Bermúdez Devós, Manuel.
9 (RLIN) 28147
245 13 - MENCIÓN DEL TÍTULO
Título La cultura griega en el siglo V, y la época de Pericles /
Mención de responsabilidad, etc. tesis leída por Manuel Bermúdez Devós.
260 ## - PUBLICACIÓN, DISTRIBUCIÓN, ETC.
Lugar de publicación, distribución, etc. Madrid :
Nombre del editor, distribuidor, etc. [J. Góngora],
Fecha de publicación, distribución, etc. 1910.
300 ## - DESCRIPCIÓN FÍSICA
Extensión 21 p. ;
Dimensiones 22 cm.
502 ## - NOTA DE TESIS
Nota de tesis Tesis doctoral.
651 #4 - PUNTO DE ACCESO ADICIONAL DE MATERIA--NOMBRE GEOGRÁFICO
Nombre geográfico Grecia-
Subdivisión general Historia-
Subdivisión cronológica 479-431 a.C., Supremacía ateniense.
9 (RLIN) 173636
651 #4 - PUNTO DE ACCESO ADICIONAL DE MATERIA--NOMBRE GEOGRÁFICO
Nombre geográfico Atenas-
Subdivisión general Historia-
Subdivisión cronológica S.V a.C.
9 (RLIN) 173637
852 ## - LOCALIZACIÓN
Ubicación ES-MaACL
Número de control de estantería 1715-F-25
Holdings
Estatus retirado Estado de pérdida Estado de daño No para préstamo Colección Biblioteca de origen Biblioteca actual Ubicación en estantería Fecha de adquisición Fuente de adquisición Total de préstamos Signatura topográfica completa Código de barras Visto por última vez Precio de reemplazo Tipo de ítem Koha
        Colección de folletos Biblioteca del Ateneo de Madrid Biblioteca del Ateneo de Madrid Depósito folletos 17/01/2008     1715-F-25 1034162 23/02/2023 23/02/2023 Folleto